[Event "GER-chT Lands U20"]
[Site "Hannover"]
[Date "2023.10.01"]
[Round "1"]
[White "Junge, Mattheo Gabriel"]
[Black "Tarasenko, Nazar"]
[Result "1-0"]
[WhiteElo "1450"]
[BlackElo "1888"]
[PlyCount "71"]
[EventDate "2023.10.01"]
[EventType "team-swiss"]
[EventRounds "7"]
[EventCountry "GER"]
[SourceTitle "EXT 2024"]
[Source "ChessBase"]
[SourceDate "2023.10.10"]
[SourceVersion "1"]
[SourceVersionDate "2023.10.10"]
[SourceQuality "1"]

1. e4 c5 2. Nf3 d6 3. Bb5+ Nd7 4. c3 Ngf6 5. Qe2 a6 6. Ba4 b5 7. Bc2 e5 8. d4 cxd4 9. cxd4 Bb7 10. 0-0 Be7 11. Nc3 0-0 12. Rd1 Qc7 13. Bg5 b4 14. Nd5 Nxd5 15. exd5 f6 16. Rac1 Qd8 17. Bh4 Bxd5 18. dxe5 Bxf3 19. Qxf3 Nxe5 20. Qh3 g6 21. f4 Nf7 22. Re1 Ra7 23. Bf2 Rb7 24. Bd4 d5 25. Qg3 Kg7 26. h4 Nh8 27. Re6 Kf7 28. Rce1 Qd7 29. Bb3 Qd8 30. Qf3 Kg7 31. Bxd5 Rd7 32. Bb6 Qe8 33. Bc6 Rf7 34. Qe3 Kf8 35. Bxd7 Qxd7 36. Rxe7 1-0

[Event "World-chT Rapid"]
[Site "Dusseldorf"]
[Date "2023.08.26"]
[Round "4.11"]
[White "Tarasenko, Nazar"]
[Black "Breest, Axel"]
[Result "1/2-1/2"]
[WhiteElo "1888"]
[BlackElo "1979"]
[PlyCount "76"]
[EventDate "2023.08.26"]
[EventType "team-swiss (rapid)"]
[EventRounds "12"]
[EventCountry "GER"]
[SourceTitle "CBM 215 Extra"]
[Source "ChessBase"]
[SourceDate "2023.09.30"]
[SourceVersion "1"]
[SourceVersionDate "2023.09.30"]
[SourceQuality "1"]
[WhiteTeam "Chess Wizzards"]
[BlackTeam "Ukraine Amators"]
[WhiteTeamCountry "UKR"]
[BlackTeamCountry "UKR"]

1. d4 Nf6 2. c4 c5 3. d5 b5 4. cxb5 e6 5. Nc3 exd5 6. Nxd5 Bb7 7. Nxf6+ Qxf6 8. Nf3 Be7 9. g3 h6 10. Bg2 0-0 11. 0-0 a6 12. bxa6 Rxa6 13. Bf4 d5 14. Qc2 Nc6 15. Qb3 Na5 16. Qc2 Rc8 17. Ne5 g5 18. Ng4 Qe6 19. Bh3 gxf4 20. gxf4 h5 21. f5 Qe4 22. Qxe4 dxe4 23. Ne5 Bf6 24. Nd7 Kh7 25. Rac1 Rg8+ 26. Kh1 e3+ 27. f3 Bd4 28. Nxc5 Bxc5 29. Rxc5 Nc6 30. Rc3 Rxa2 31. Rxe3 Rxb2 32. Rd1 f6 33. Bg2 Ne5 34. h3 Rg7 35. Rg1 Nc4 36. Rc3 Ne5 37. Re3 Nc4 38. Rc3 Ne5 1/2-1/2

[Event "World-chT Rapid"]
[Site "Dusseldorf"]
[Date "2023.08.26"]
[Round "1.17"]
[White "Zouaoui, Mohamed"]
[Black "Tarasenko, Nazar"]
[Result "1/2-1/2"]
[WhiteElo "2168"]
[BlackElo "1888"]
[PlyCount "88"]
[EventDate "2023.08.26"]
[EventType "team-swiss (rapid)"]
[EventRounds "12"]
[EventCountry "GER"]
[SourceTitle "CBM 215 Extra"]
[Source "ChessBase"]
[SourceDate "2023.09.30"]
[SourceVersion "1"]
[SourceVersionDate "2023.09.30"]
[SourceQuality "1"]
[WhiteTeam "Africa"]
[BlackTeam "Chess Wizzards"]
[BlackTeamCountry "UKR"]

1. b3 Nf6 2. Bb2 d5 3. Nf3 c5 4. g3 Nc6 5. Bg2 e6 6. 0-0 Be7 7. d3 0-0 8. Nbd2 b6 9. e4 d4 10. Qe2 e5 11. Nc4 Qc7 12. Nh4 b5 13. Nd2 g6 14. a4 b4 15. Rae1 Ne8 16. Ndf3 Nd6 17. Bc1 f6 18. Nd2 Bd7 19. f4 Rf7 20. Ndf3 Raf8 21. fxe5 Nxe5 22. Bh6 Re8 23. Nxe5 fxe5 24. Nf3 Bf6 25. Ng5 Bxg5 26. Bxg5 Ref8 27. Bh6 Rxf1+ 28. Rxf1 Rxf1+ 29. Qxf1 Qd8 30. Bh3 Nf7 31. Bd2 Kg7 32. Bxd7 Qxd7 33. Qf3 Qh3 34. Qf1 Qg4 35. Kg2 h5 36. h3 Qe6 37. Qf3 Qf6 38. h4 Qxf3+ 39. Kxf3 Kf6 40. Bc1 g5 41. g4 Kg6 42. gxh5+ Kxh5 43. hxg5 Nxg5+ 44. Kg3 Ne6 1/2-1/2

[Event "GER-ch U10"]
[Site "Willingen"]
[Date "2023.05.28"]
[Round "2"]
[White "Tarasenko, Nazar"]
[Black "Zargaran, Sepas"]
[Result "1/2-1/2"]
[WhiteElo "1970"]
[BlackElo "1540"]
[PlyCount "88"]
[EventDate "2023.05.27"]
[EventType "swiss"]
[EventRounds "11"]
[EventCountry "GER"]
[SourceTitle "CBM 214 Extra"]
[Source "ChessBase"]
[SourceDate "2023.07.31"]
[SourceVersion "1"]
[SourceVersionDate "2023.07.31"]
[SourceQuality "1"]

1. d4 Nf6 2. c4 g6 3. Nc3 Bg7 4. e4 d6 5. Be2 0-0 6. Be3 c5 7. d5 e6 8. h4 exd5 9. cxd5 h5 10. e5 Ng4 11. Bg5 f6 12. exf6 Bxf6 13. Nf3 Bxg5 14. hxg5 Nd7 15. Ne4 Qe7 16. Qc2 Nde5 17. Nf6+ Kg7 18. Nxe5 Qxe5 19. Nxg4 Bxg4 20. Qc3 Rae8 21. f3 Bf5 22. Rd1 Qxc3+ 23. bxc3 Re3 24. Kd2 Rfe8 25. Rhe1 a6 26. a4 Bd7 27. Rb1 b5 28. axb5 axb5 29. Ra1 R8e7 30. Ra6 b4 31. cxb4 Rxe2+ 32. Rxe2 Rxe2+ 33. Kd1 Rxg2 34. Ra7 Rxg5 35. Rxd7+ Kf8 36. Rxd6 cxb4 37. Ke2 h4 38. f4 Rg2+ 39. Kf3 Rg3+ 40. Kf2 Ke7 41. Re6+ Kd7 42. Rb6 Kc7 43. Rc6+ Kb7 44. Rc4 b3 1/2-1/2